Sanat - "Hei sisko" - Maija Vilkkumaa - Statistics

Yleistilastot
  • Tätä visaa on pelattu 44 kertaa
    43 viimeisimmän päivityksen jälkeen
  • Keskiarvotulos 145 / 250
Vastaustilastot
Vastaus % Oikein
Ei
95%
ei
95%
Hei
90%
sisko
90%
on
86%
On
86%
81%
me
81%
81%
kun
76%
ohitetaan
76%
rekat
76%
vaan
76%
aina
71%
et
71%
ja
71%
kii
71%
mun
71%
silmät
71%
tää
71%
tie
71%
vai
71%
kuule
67%
mut
67%
ne
67%
se
67%
eikä
62%
että
62%
kyetään
62%
mihin
62%
milloinkaan
62%
näin
62%
pääsee
62%
sun
62%
taivaaseen
62%
takapenkiltäkin
62%
vaik
62%
voi
62%
elää
57%
itkit
57%
kahvit
57%
levee
57%
mukaan
57%
naamariin
57%
pääsee
57%
pääty
57%
paranee
57%
viel
57%
ajat
52%
ajetaan
52%
enää
52%
kitkit
52%
lähe
52%
noin
52%
ole
52%
ollu
52%
vuohenputkee
52%
bensa-asemalla
48%
elämä
48%
huudetaan
48%
iisi
48%
ikkunasta
48%
kukaan
48%
kysy
48%
lupaa
48%
nyt
48%
pihatietä
48%
pitkin
48%
sua
48%
vaikeet
48%
alkaa
43%
hakemaan
43%
mennään
43%
seiskaviisi
43%
suosikkibiisi
43%
tällee
43%
tulin
43%
halutaan
38%
itään
38%
laittaa
38%
länteen
38%
meitä
38%
miestä
38%
mietitä
38%
mitään
38%
oo
38%
pitää
38%
Raivokas
38%
yritetty
38%
Autoradiossa
33%
haittaa
33%
miten
33%
nousee
33%
taittaa
33%
tiestä
33%
Vicky
33%
haluttais
29%
höyry
29%
luultiin
29%
piestä
29%
taivuttaa
29%
joka
24%
katotaa
24%
lasikaappiin
24%
missä
24%
herää
19%
kerää
19%
ketään
19%
kunnes
19%
missään
19%
satu
19%
sieluun
19%
sirpaleita
19%
Lauletaan
14%
tänä
14%
valvotaan
14%
aamuna
10%
tiesit
10%
Ehtoja vastaavia visoja ei löytynyt
Tulosjakauma
Jokaisen tuloksen saaneiden osuus
Persentiili vastausten määrän mukaan
Tuloshistoriasi
Et ole pelannut tätä visaa sen viimeisimmän päivityksen jälkeen